Rozvíjanie zručností pre občiansku vedu u knihovníkov, vedeckých pracovníkov a verejnosti

Saved in:
Bibliographic Details
Other Authors: Stilund Hansen, Jitka
Format: Book
Language:Slovak
Published: Bratislava Centrum vedecko-technických informácií SR, Vydavateľstvo otvorenej vedy 2024
Edition:1. vydanie
Subjects:
Tags: Add Tag
No Tags, Be the first to tag this record!

MARC

LEADER 00000nam a2200000 4500
001 0308567
005 20250519122000.2
020 |a 978-80-8240-070-3 
020 |a 978-80-8240-071-0 
041 0 |a slo 
044 |a SK 
245 1 0 |a Rozvíjanie zručností pre občiansku vedu u knihovníkov, vedeckých pracovníkov a verejnosti  |c editorka zodpovedná za prvú časť: Jitka Stilund Hansen 
250 |a 1. vydanie 
264 1 |a Bratislava  |b Centrum vedecko-technických informácií SR, Vydavateľstvo otvorenej vedy  |c 2024 
300 |a 29 s. 
610 2 0 |a knihoveda 
610 2 0 |a knihovníctvo 
610 2 0 |a knižnice 
610 2 0 |a pracovníci vedeckí 
610 2 0 |a veda 
610 2 0 |a komunikácia 
610 2 0 |a zber dát 
700 1 |a Stilund Hansen, Jitka